LIBRARY ONLINE CATALOGUE

Macroeconomics : (Record no. 10547)

MARC details
000 -LEADER
fixed length control field 00662nam a22002172 4500
001 - CONTROL NUMBER
control field 0000001363
005 - DATE AND TIME OF LATEST TRANSACTION
control field 20151217154330.0
008 - FIXED-LENGTH DATA ELEMENTS--GENERAL INFORMATION
fixed length control field 070306s xx 000 0 eng d
020 ## - INTERNATIONAL STANDARD BOOK NUMBER
International Standard Book Number 0198776225 :
Terms of availability KES 4,649
040 ## - CATALOGING SOURCE
Original cataloging agency KABU
Transcribing agency KABU
050 #0 - LIBRARY OF CONGRESS CALL NUMBER
Classification number HB172.5
Item number .C37
100 1# - MAIN ENTRY--PERSONAL NAME
Personal name Carlin, Wendy.
-- 0000150026
245 10 - TITLE STATEMENT
Title Macroeconomics :
Remainder of title imperfections, institutions and policies /
Statement of responsibility, etc. Wendy Carlin and David Soskie.
260 ## - PUBLICATION, DISTRIBUTION, ETC. (IMPRINT)
Place of publication, distribution, etc. Oxford :
Name of publisher, distributor, etc. OUP,
Date of publication, distribution, etc. 2006.
300 ## - PHYSICAL DESCRIPTION
Extent xlii, 810 p.
650 #0 - SUBJECT ADDED ENTRY--TOPICAL TERM
Topical term or geographic name as entry element Macroeconomics.
-- 0000149933
700 1# - ADDED ENTRY--PERSONAL NAME
Personal name Soskie, David.
-- 0000150027
908 ## - PUT COMMAND PARAMETER (RLIN)
Put command parameter 070306
950 ## - LOCAL HOLDINGS (RLIN)
-- 1
Holdings
Withdrawn status Lost status Source of classification or shelving scheme Not for loan Home library Current library Date acquired Total Checkouts Full call number Barcode Date last seen Date last checked out Price effective from Koha item type
    Library of Congress Classification   Kabarak, Main Campus Kabarak, Main Campus 17/12/2015 7 HB172.5 .C37 010572 02/08/2024 06/03/2024 17/12/2015 General Collection